| 000 | 00769nmm a2200301 a 4500 | ||
|---|---|---|---|
| 003 | AR-BaBNM | ||
| 005 | 20251128211113.0 | ||
| 008 | 232120s1993 ||||||||||||||000 | spa|| | ||
| 020 | _a950-08-1408-0 | ||
| 040 | _cAR-BaBNM | ||
| 100 | 1 | _aEyre, Linda | |
| 245 | 1 | 0 | _aValores morales |
| 250 | _a1ª ed. | ||
| 260 |
_aBuenos Aires _bAtlántida _c1993 |
||
| 300 | 0 | _a204 p. | |
| 500 | 0 | _aContiene: análisis de casos y ejercicios | |
| 650 | 4 | _aMORAL | |
| 650 | 4 | _aVALORES MORALES | |
| 650 | 4 | _aEDUCACION MORAL | |
| 650 | 4 | _aVIRTUD Y VICIO | |
| 650 | 4 | _aDESARROLLO MORAL | |
| 650 | 4 | _aRELACION PADRES-HIJOS | |
| 653 | 0 | _aEDUCACION EN VALORES | |
| 700 | 1 | _aEyre, Richard | |
| 700 | 1 |
_aGioia, Juan Alberto _etraductor |
|
| 942 | _cBK | ||
| 998 | _cAlicia | ||
| 999 |
_c18239 _d18239 |
||